| 000 | 00503nam a2200169Ia 4500 | ||
|---|---|---|---|
| 999 |
_c16355 _d16355 |
||
| 003 | OSt | ||
| 005 | 20200606115912.0 | ||
| 008 | 190216s9999||||xx |||||||||||||| ||und|| | ||
| 040 | _cMESKC library | ||
| 082 |
_a891.431 _bDUB/R |
||
| 100 |
_aDube, Shyam Sundar _9356 |
||
| 245 | 0 |
_aRithuyem Jo Athmi Ke Bithar Hei / _cShyam Sundar Dube |
|
| 260 |
_bViswa Bharathi Publications, _aDelhi: |
||
| 300 | _a113p | ||
| 650 | _aHindi | ||
| 942 |
_cBK _2ddc _h891.431 _iDUB/R _k891.431 _mDUB/R |
||